| 000 | 01030nam a2200265 i 4500 | ||
|---|---|---|---|
| 001 | 131139 | ||
| 003 | ES-MaACL | ||
| 005 | 20240927125316.0 | ||
| 007 | t| | ||
| 008 | 070214s1970 sp r ||||1| spa d | ||
| 245 | 0 | 4 |
_aLos jacobinos / _c[textos de Maximilien Robespierre, Jean Paul Marat, Louis Antoine Léon de Saint-Just] ; selección y prólogo de José Alvarez Junco, Emilio Gilolmo. |
| 260 |
_aMadrid : _bCuadernos para el Diálogo, _c1970. |
||
| 300 |
_a395 p. ; _c18 cm. |
||
| 490 | 1 |
_aDivulgación Universitaria. Clásicos ; _v21 |
|
| 651 | 4 |
_aFrancia- _xHistoria- _y1789-1799, Revolución _98685 |
|
| 700 | 1 |
_aRobespierre, Maximilien. _997862 |
|
| 700 | 1 |
_aMarat, Jean-Paul. _976324 |
|
| 700 | 1 |
_aSaint-Just, Louis-Antoine-Léon de. _9101531 |
|
| 700 |
_aÁlvarez Junco, José, _d1942- _9237536 |
||
| 700 | 1 |
_aGilolmo, Emilio. _957004 |
|
| 710 | 2 |
_aCuadernos para el Diálogo. _93333 |
|
| 830 | 1 |
_aDivulgación Universitaria. Clásicos ; _v21 _9219555 |
|
| 852 |
_aES-MaACL _jC-49153 |
||
| 999 |
_c131139 _d131139 |
||